Biblioteca

El concepto de responsabilidad en la ética de Dietrich Bonhoffer / Jacinto Ordóñez Peñalonso (Registro nro. 32474)

Detalles MARC
000 -LÍDER
Campo fijo de descripción fija 007340000a22001810004500
001 - NÚMERO DE CONTROL
Campo de control 1137
100 1# - ASIENTO PRINCIPAL--NOMBRE PERSONAL
Nombre personal Jacinto Ordóñez Peñalonso
245 10 - TÍTULO
Título del Material El concepto de responsabilidad en la ética de Dietrich Bonhoffer / Jacinto Ordóñez Peñalonso
260 ## - PUBLICACIÓN, DISTRIBUCIÓN, ETC. (PIE DE IMPRENTA)
Lugar de publicación, distribución, etc. San José, Costa Rica : Ciudad Universitaria "Rodrigo Facio"
300 ## - DESCRIPCIÓN FÍSICA
Extensión 307 Pag.
336 ## - CONTENT TYPE
Content type term texto
Content type code txt
Source rdacontent
337 ## - MEDIA TYPE
Source rdamedia
Media type term sin mediación
Media type code n
338 ## - CARRIER TYPE
Source rdacarrier
Carrier type term volumen
Carrier type code nc
505 00 - NOTA DE CONTENIDO
Nota de contenido con formato preestablecido el compromiso de un hombre responsable -- hacia una ética de la responsabilidad -- fundamentación crítica del concepto de responsabilidad
650 14 - ASIENTO SECUNDARIO DE MATERIA - TERMINO TEMÁTICO
Término temático o nombre geográfico como elemento de entrada BONHOEFFER, DIETRICH, 1906-1945 \ ETICA \ RESPONSABILIDAD
942 ## - TIPO DE MATERIAL (KOHA)
Tipo de Item KOHA Libros General
Existencias
Estado de Material Estado de Perdido Estado de Dañado No para Préstamo Colección Tomo Biblioteca de Origen Biblioteca Permanente Fecha de Adquisición Total de Préstamos Signatura Topográfica Código de Barras Última vez visto Ejemplar/Existencia Fecha de Remplazo Tipo de Material
        Colección General   Biblioteca FUSBC Biblioteca FUSBC 06/10/2004   G 171 O654c 598 30/03/2022 1 26/01/2016 Libros General

Biblioteca FUSBC | Teléfono: (57+4) 349 88 10 Ext. 141| WhatsApp (+57) 3005338115 
E-mail: biblioteca@unisbc.edu.co | Calle 76 87-14 Robledo Palenque, Medellín, Colombia

Con tecnología Koha